[Event "Irena Warakomska Memorial B"]
[Site "chessmanager.com"]
[Date "2018.08.03"]
[Round "3"]
[White "Binkis, Evgeniya"]
[Black "Warchol, Kamil"]
[Result "1-0"]
[Board "31"]
[WhiteElo "1723"]
[WhiteCountry "RUS"]
[WhiteFideId "44110863"]
[WhiteEloChange "5"]
[BlackElo "1540"]
[BlackTitle "CM"]
[BlackCountry "POL"]
[BlackFideId "21858241"]
[BlackEloChange "-5"]

1. e4 {[%clk 1:30:30]} e5 {[%clk 1:30:30]} 2. Nf3 {[%clk 1:30:30]} Nc6 {[%clk
1:30:30]} 3. Bb5 {[%clk 1:30:30]} a6 {[%clk 1:30:30]} 4. Ba4 {[%clk 1:30:30]} Nf6
{[%clk 1:30:30]} 5. O-O {[%clk 1:30:30]} Be7 {[%clk 1:30:30]} 6. d3 {[%clk
1:30:30]} b5 {[%clk 1:30:30]} 7. Bb3 {[%clk 1:30:30]} O-O {[%clk 1:30:30]} 8. c3
{[%clk 1:30:30]} d5 {[%clk 1:30:30]} 9. Re1 {[%clk 1:30:30]} h6 {[%clk 1:30:30]}
10. exd5 {[%clk 1:30:30]} Nxd5 {[%clk 1:30:30]} 11. Nxe5 {[%clk 1:30:30]} Nxe5
{[%clk 1:30:30]} 12. Rxe5 {[%clk 1:30:30]} c6 {[%clk 1:30:30]} 13. Qf3 {[%clk
1:30:30]} Bd6 {[%clk 1:30:30]} 14. Re1 {[%clk 1:30:30]} Qh4 {[%clk 1:30:30]} 15.
h3 {[%clk 1:30:30]} g5 {[%clk 1:30:30]} 16. Bxd5 {[%clk 1:30:30]} g4 {[%clk
1:30:30]} 17. Qe3 {[%clk 1:30:30]} g3 {[%clk 1:30:30]} 18. f3 {[%clk 1:30:30]}
Bf5 {[%clk 1:30:30]} 19. Be4 {[%clk 1:30:30]} Rfe8 {[%clk 1:30:30]} 20. Qxh6
{[%clk 1:30:30]} Qxh6 {[%clk 1:30:30]} 21. Bxh6 {[%clk 1:30:30]} Bd7 {[%clk
1:30:30]} 22. Nd2 {[%clk 1:30:30]} f5 {[%clk 1:30:30]} 23. d4 {[%clk 1:30:30]}
fxe4 {[%clk 1:30:30]} 24. Nxe4 {[%clk 1:30:30]} Be7 {[%clk 1:30:30]} 25. Nxg3
{[%clk 1:30:30]} Kh7 {[%clk 1:30:30]} 26. Bf4 {[%clk 1:30:30]} Bh4 {[%clk
1:30:30]} 27. Re4 {[%clk 1:30:30]} Rg8 {[%clk 1:30:30]} 28. Kh2 {[%clk 1:30:30]}
Raf8 {[%clk 1:30:30]} 29. Bd6 {[%clk 1:30:30]} Bxg3+ {[%clk 1:30:30]} 30. Bxg3
{[%clk 1:30:30]} Rf7 {[%clk 1:30:30]} 31. Rae1 {[%clk 1:30:30]} Rgg7 {[%clk
1:30:30]} 32. Rf4 {[%clk 1:30:30]} Re7 {[%clk 1:30:30]} 33. Rxe7 {[%clk 1:30:30]}
Rxe7 {[%clk 1:30:30]} 34. Re4 {[%clk 1:30:30]} Rf7 {[%clk 1:30:30]} 35. Bd6
{[%clk 1:30:30]} Kg6 {[%clk 1:30:30]} 36. Re7 {[%clk 1:30:30]} Rxe7 {[%clk
1:30:30]} 37. Bxe7 {[%clk 1:30:30]} Be6 {[%clk 1:30:30]} 38. a3 {[%clk 1:30:30]}
Kf5 {[%clk 1:30:30]} 39. Bd6 {[%clk 1:30:30]} Bf7 {[%clk 1:30:30]} 40. g4+ {[%clk
1:30:30]} Ke6 {[%clk 1:30:30]} 41. Be5 {[%clk 1:30:30]} Kd5 {[%clk 1:30:30]} 42.
Kg3 {[%clk 1:30:30]} Kc4 {[%clk 1:30:30]} 43. f4 {[%clk 1:30:30]} Kb3 {[%clk
1:30:30]} 44. Bd6 {[%clk 1:30:30]} a5 {[%clk 1:30:30]} 45. f5 {[%clk 1:30:30]}
Kxb2 {[%clk 1:30:30]} 46. g5 {[%clk 1:30:30]} Kxc3 {[%clk 1:30:30]} 47. g6 {[%clk
1:30:30]} Bg8 {[%clk 1:30:30]} 48. f6 {[%clk 1:30:30]} b4 {[%clk 1:30:30]} 49.
axb4 {[%clk 1:30:30]} axb4 {[%clk 1:30:30]} 50. Bxb4+ {[%clk 1:30:30]} Kxb4
{[%clk 1:30:30]} 51. f7 {[%clk 1:30:30]} Bxf7 {[%clk 1:30:30]} 52. gxf7 {[%clk
1:30:30]} Kc4 {[%clk 1:30:30]} 53. f8Q {[%clk 1:30:30]} Kxd4 {[%clk 1:30:30]} 54.
Qd6+ {[%clk 1:30:30]} Kc4 {[%clk 1:30:30]} 55. Qxc6+ {[%clk 1:30:30]} Kd4 {[%clk
1:30:30]} 56. Qb5 {[%clk 1:30:30]} Ke4 {[%clk 1:30:30]} 57. Qc5 {[%clk 1:30:30]}
Kd3 {[%clk 1:30:30]} 58. Qb4 {[%clk 1:30:30]} Kc2 {[%clk 1:30:30]} 59. Qa3 {[%clk
1:30:30]} Kd2 {[%clk 1:30:30]} 60. Qb3 {[%clk 1:30:30]} Ke2 {[%clk 1:30:30]} 61.
Qc3 {[%clk 1:30:30]} Kd1 {[%clk 1:30:30]} 62. Qb2 {[%clk 1:30:30]} Ke1 {[%clk
1:30:30]} 63. Kf3 {[%clk 1:30:30]} Kd1 {[%clk 1:30:30]} 64. Ke3 {[%clk 1:30:30]}
Ke1 {[%clk 1:30:30]} 65. Qe2# {[%clk 1:30:30]} 1-0